000 00889nam a22002057a 4500
005 20160822115349.0
010 _aHIN-108617
020 _a9789384397128
_c495.00
035 _aHN-80963
037 _bDPL/PUB
082 _a821.08
100 _aचौहान,प्रताप सिंह
245 _aकबीर साहित्य के प्रमुख पक्ष एवं साखी-भाष्य /
_cप्रताप सिंह चौहान
260 _aकानपुर
_bउत्कर्ष पब्लिशर्स
_c2015
270 _aए-685, आवास विकास,हंसपुरम,
_bकानपुर
_e21
_k09792149791
300 _a184पृ.
_c21सें.मी.(सजिल्द)
700 _948868
_aसिंह,सुशीला
700 _948869
942 _2ddc
_cHN
_mचौहान
_h821.08
999 _c102644
_d102644